Pays qui n'ont jamais étés envahis par l'Empire Britannique - Statistiques

Statistiques générales
  • Ce quiz a été pris 91 fois
  • Le résultat moyen est 7 sur 22
Statistiques - réponses
Pays % Correct
Mongolie
69%
Bolivie
49%
Suède
48%
Vatican
48%
Paraguay
46%
Andorre
44%
Liechtenstein
44%
Ouzbékistan
44%
Tadjikistan
42%
Monaco
41%
Tchad
40%
Mali
35%
Luxembourg
32%
Biélorussie
31%
Kirghizistan
28%
Guatemala
27%
Côte d'Ivoire
20%
São Tomé-et-Principe
19%
Burundi
15%
République Démocratique du Congo
11%
République Centrafricaine
9%
Îles Marshall
6%
Aucun quiz correspondant
Distribution des résultats
% des personnes avec chaque résultat
Percentile par nombre de réponses
Votre historique - résultats
Vous n’avez pas pris ce quiz